000
00192 a2200097 4500
001
526
100
_a
Tyler,F
245
_a
Heat and Thermodynamics
260
_a
_b
Arnold
_c
090
_c
136
_d
136
942
_a
NUST-CAE
_c
M
_c
4002
999
_c
235599
_d
235599